000 00264nam a2200109 a 4500
005 20140414093830.0
008 970101s19uu xx 00 eng d
050 _aVHS 900
_bR 36
245 _aPahiyas sa lukban :
_bSLGE material.
942 _cAVM
999 _c108641
_d108641